000 00337nam a2200145Ia 4500
008 230718s9999 xx 000 0 und d
041 _aEng.
082 _a347.076
_bDOU-C
100 _adourat ram prem
245 0 _across examination
260 _aPakistan
_bomer law book house
_c2018
300 _a626
650 _aLaw
999 _c33040
_d33040